Normal view
MARC view
Entry Geographic Name
001 - CONTROL NUMBER
- control field: 7384
003 - CONTROL NUMBER IDENTIFIER
- control field: TR-AnCHP
005 - DATE AND TIME OF LATEST TRANSACTION
- control field: 20230424124324.0
008 - FIXED-LENGTH DATA ELEMENTS
- fixed length control field: 230424|| aca||aabn | a|a d
040 ## - CATALOGING SOURCE
- Original cataloging agency: TR-AnCHP
151 ## - HEADING--GEOGRAPHIC NAME
- Geographic name: Karatay (Konya, Türkiye)
